| 000 | 00850nam a2200217 a 4500 | ||
|---|---|---|---|
| 003 | 0 | ||
| 005 | 20250623094415.0 | ||
| 008 | 030602s19uu xx 00 eng d | ||
| 050 |
_aPGS GV 1469.34.C57 _b.T161 1998 |
||
| 100 | _aTan, Jefferson James F. | ||
| 245 |
_aThe effects of video games to the academic performance of S.I.S. 1st year high school / _cJefferson James F. Tan. |
||
| 260 |
_aLas PiƱas City, Philippines : _bSouthville International School and Colleges, _c1998. |
||
| 300 |
_aUnpaged : _billustrations ; _c28 cm. |
||
| 504 | _aIncludes bibliographical references. | ||
| 650 |
_aVideo games _vPsychological aspects. |
||
| 650 | _aAcademic achievement. | ||
| 650 |
_aVideo games _vSocial aspects. |
||
| 650 |
_aHigh school students _zPhilippines _vAttitudes. |
||
| 650 |
_aTeenagers _vConduct of life. |
||
| 942 |
_2lcc _cPASS |
||
| 999 |
_c96109 _d96109 |
||